Globalization of Theological Education (Record no. 9961)

MARC details
000 -LEADER
fixed length control field 00484nam a2200193 a 4500
020 ## - INTERNATIONAL STANDARD BOOK NUMBER
ISBN 0883448
082 00 - DEWEY DECIMAL CLASSIFICATION NUMBER
Classification number 230
Author Cutter EVA1
100 ## - MAIN ENTRY--AUTHOR NAME
Author name Evans, Alice Frazer
245 ## - TITLE STATEMENT
Title Globalization of Theological Education
260 ## - PUBLICATION, DISTRIBUTION, ETC. (IMPRINT)
Place of publication New York
Name of publisher Orbis Books
Year of publication 1993
300 ## - PHYSICAL DESCRIPTION
Number of Pages 366p
500 ## - GENERAL NOTE
General note includes index and biblioraphy
505 2# - FORMATTED CONTENTS NOTE
Formatted contents note Bibliography
650 ## - SUBJECT ADDED ENTRY--TOPICAL TERM
Topical Term Theology
650 ## - SUBJECT ADDED ENTRY--TOPICAL TERM
Topical Term Christian-Education
942 ## - ADDED ENTRY ELEMENTS (KOHA)
Koha item type Books
700 1# -
-- Robert A Evans
700 1# -
-- David A Roozen
Holdings
Collection code Home library Current library Date acquired Cost, normal purchase price Full call number Accession Number Koha item type
  Henry Martyn Institute Library Henry Martyn Institute Library 08/01/2007 1078.00 230 EVA1 017123 Books
                   Copyright © 2026 | Henry Martyn Institute | Hyderabad | TS-500052 | INDIA | Implemented by hmi.edu.in
Hit-Count:

Powered by Koha